00730nam a2200253 a 4500001001300000003000900013005001700022008004100039020002600080082001700106100002200123245002300145260004600168300000900214500003500223505001000258650001900268650001900287650002200306902000800328942000700336952011800343999001500461nice12345678IN_TiNIC20260116013135.0050524s1990 newa grp 000 0 eng  a0824524 c615.4400a248.483bUND aUnderhill, Evelyn aWays of the Spirit aNew YorkbCross Road Publishing Co.c1990 a247p aincludes index and biblioraphy2 aIndex aChristian-Life aSpiritual Life aRetreats-Anglican bSRS cBK 001040708StackRoom-aHMIbHMId2007-07-09g615.44l0o248.483 UNDp015053r2007-07-09v615.44w2005-05-24yBK c9830d9830